| 000 | 01141cad a22002295 4500 | ||
|---|---|---|---|
| 001 | L148946 | ||
| 008 | 091202e20091130xxk f 000 0 eng u | ||
| 020 | _a9781409819950 | ||
| 035 | _a(Sirsi) u148946 | ||
| 041 | 0 | _aeng | |
| 050 | _a306.1 $2 18 | ||
| 110 | 1 |
_aUnited Kingdom _bDepartment for Communities and Local Government _94939 |
|
| 245 | 0 | 0 |
_aTackling unlawful subletting and occupancy _bgood practice guidance for social landlords _h[electronic resource] |
| 260 |
_aLondon _bDCLG _c2009 |
||
| 505 | 2 | _aIntroduction -- The building blocks -- The right to take in lodger and sublet -- Taking action -- Legal procedures | |
| 520 | _aProvides guidance for social landlords on how to prevent, detect and deal effectively with social housing fraud. Highlights possible measures against unlawful sub-letting and the role of the public. | ||
| 590 | _aKA | ||
| 651 | 4 |
_aEngland _y886- |
|
| 690 | _aPROPERTY-RESIDENTIAL PROPERTY-DOMESTIC RESIDENTIAL PROPERTY-HOUSING | ||
| 856 | 4 | 0 |
_uhttps://www.communities.gov.uk/publications/housing/housingfraudguidance _zView the consultation free of charge at www.communities.gov.uk... |
| 942 | _n0 | ||
| 999 |
_c110294 _d110294 |
||